00451nam a2200145Ia 4500008004100000020001800041100002300059245003700082260001900119500002400138650003500162942000700197952008400204999001700288230524s9999 xx 000 0 und d a9788190627856 aGagan Jain 936637 0aFamous People''s Famous Speeches bMaanu Graphics aQuantity Number: 1 aPersonality Development936638 cBK 00104070aTATCLbTATCLcGENd2023-05-24l0p44981r2023-05-24w2023-05-24yBK c50677d50677